000 01960cam a22004574i 4500
003 PE-LiUPU
005 20250731184538.0
008 150623s r 000 0 d
035 _a(Sirsi) a25041
040 _aPE-LiUPU
_bspa
_cPE-LiUPU
_erda
082 0 4 _a930.1095694
_bI84
_221
110 2 _aThe Israel Antiquities Authority
245 1 0 _aExcavations and surveys in Israel.
264 1 _aJerusalem :
_bAhva Press,
_c1998.
300 _aPag. varia :
_bilustraciones, fotos, gráficos ;
_c27 cm.
336 _atext
_2rdacontent
337 _aunmediated
_2rdamedia
338 _avolume
_2rdacarrier
500 _aArchaeological Newsletter of the Israel Antiquities Authority Number 106.
504 _aIncluye bibliografía.
505 0 _aBanias, Temple of Pan. -Tel Dan. -Metulla. -Golan. -Tel Nov. -Tel Hazor. -Kefar Veradim. -Horbat Manot. -Akko Shore. -Araba. -Yodefat. -Haifa. -Tel Shiqmona. -Tel Bet Yerah. -Zippori. -Horbat Malta. -Kafr. Reina. -Bet Lehem of Galilee. -Ramat Yishay. -Nazareth. -El-qasar. -Migdal Ha-Émeq. -El-Qasr. -Migdal Ha-Émeq. -Tel Yoqneam. -Neve Yam. -Dor. -Midrakh Óz. -Nahal Haggit. -Tel Bet She´an.
526 _aP136
526 _aP135
526 _aP134
526 _aP133
526 _aP144
526 _aP143
526 _aP87
526 _aP35
526 _aP20
526 _aP14
526 _aP10
526 _aP06
650 0 4 _aExcavaciones (Arqueología)
_zIsrael
_vPublicaciones Periódicas.
650 0 4 _aInspecciones arqueológicas
_zIsrael
_vPublicaciones Periódicas.
942 _2ddc
_cBOOK
949 _a930.1095694 I84
_wDEWEY
_c1
_i49455
_lCCODEBUL1
_mBUL
_p00.00
_r0
_sY
_tBOOK
_u2015-06-24
_xTEOLOGIA
_PP35
_0COMPRA
_o.STAFF. Colección General
596 _a1
999 _a930.1095694 I84
_wDEWEY
_c29911
_i49455
_f2021-11-11
_g5
_lCCODEBUL1
_mBUL
_r0
_sY
_tBOOK
_u2015-6-24
_xTEOLOGIA
_PP35
_0COMPRA
_o.STAFF. Colección General
_d29911
980 _81
_gALBERTO SANCHEZ Responsable de Automatización